00469nam a2200193Ia 4500008004100000020001800041050001300059100001700072245003900089245002400128260001500152260002200167260000900189300001500198300002700213300001000240440001700250500000800267170918s9999 xx 000 0 und d a9780531240618 bJ49 2013 aJemison, Mae aJourney through our solar system / cby Dr. Mae Jemison. aNew York : bChildren's Press, c2013 a48 pages : bcolored illustration ; c21cm. aA true book. a940